00764nam a22002057a 450000500170000001000140001702000260003103500130005703700130007008200170008310000270010024500800012726000380020727000550024530000280030050000400032894200310036899900170039995201420041620100806141020.0 aENG-98727 a9788190833707c100.00 aEN-82259 bDBAD/PUB a338.47915472 aSwaranalatha, R.98425 aEconomic development and tourism industry in Rajasthan /cby R. Swarnalatha aChennaibK.V.P. Publicationc2008 aNo: 102, Dharga Road Zamin PallavarambChennaie43 a139p.:billc20cm (pbk) aIncludes bibliographical references 2ddccENh338.47915472mSWA c39770d39770 001040718NFICaDBADbDBADd2010-08-06eDBAD/PUBg100.00l0o338.47915472 SWApEN-82259r2010-08-06 00:00:00t1v100.00w2010-08-06yEN